=LDR 00000nam 2200000 4500 =001 INLIS000000000057044 =005 20210215085313 =035 ##$$a 0010-1120000115 =007 ta =008 210215################g##########0#ind## =082 ##$$a 322.420 959 88 =084 ##$$a 322.420 959 88 JOP p =100 1#$$a Jopari, Jhon RG =245 1#$$a Pemberontakan organisasi papua merdeka /$c Jhon RG Djopari =250 ##$$a cet.1 =260 ##$$a Jakarta :$b Grasindo,$c 1993 =300 ##$$a xii, 180 hlm. ; $c 21x14 cm =600 #4$$a Pemberontakan OPM =990 ##$$a 00035032